| 000 | 00847nam a2200205Ia 4500 | ||
|---|---|---|---|
| 008 | 0000001983 sp a 0000000000spa00 | ||
| 090 | _aPSP00 G65g | ||
| 100 | 1 |
_aGomila, Juan _d1942 |
|
| 245 | 1 | 0 |
_aGomila _b: galería de figuras _c/ fotografías Julio Limia ... [et al.]. |
| 300 |
_a63 p. _c/ 28 cm. |
||
| 500 | _aExposición realizada en el Museo español de Arte Contemporaneo, Madrid, MayoJunio, 1983 \ Con el patronazgo del maestro venezolano Jesús Rafael Soto (q.e.p.d.) | ||
| 600 | 0 | 0 |
_aGOMILA, JUAN, 1942/ _xTRABAJOS PICTORICOS |
| 650 | 1 | 4 | _xCATALOGOS |
| 650 | 1 | 4 | _xEXPOSICIONES |
| 650 | 1 | 4 | _aPINTORES ESPAÑOLES |
| 650 | 1 | 4 | _aPINTURA DE RETRATOS ESPAÑOLA |
| 650 | 1 | 4 | _aPINTURA ESPAÑOLA |
| 700 | 1 | _aLimia, Julio | |
| 999 |
_c1664 _d1664 |
||
| 260 |
_aMadrid : Mnisterio de Cultura. Dirección General de Bellas Artes y Archivos _c1983 |
||